000 01506nam0a2200337 i 4500
001 RU\NLR\BIBL_A\011289498
005 20241104190821.0
010 _a9785906844040
_930
021 _aRU
_b2016-89664
_95894
035 _a(NLR Aleph) 011289498
090 _a10911678
_c10911678
100 _a20161207d2016 k y0rusy50 ca
101 0 _arus
102 _aRU
105 _aab||z|||000zy
200 1 _aУправление водно-солевым режимом русловых неглубоких проточных водохранилищ при использовании их для орошения
_e[монография]
_fН.С. Захарченко
_g[НИМИ Донской ГАУ]
210 _aНовочеркасск
_cЛик
_d2016
215 _a146 с.
_cил., карт.
_d21
320 _aБиблиогр.: с. 125-134 (145 назв.)
606 _aВодохранилища
_xИспользование для орошения
_92308577
_3RU\NLR\AUTH\6601607641
606 1 _aВода для орошения
_xРассоление
_92308581
_3RU\NLR\AUTH\6601607643
607 _aМанычские водохранилища
_xВодно-солевой режим
_92307831
_3RU\NLR\AUTH\6601607297
686 1 _aД226.122
686 1 _aД226.2
686 1 _aП060.315
686 1 _aП062.61
700 1 _aЗахарченко
_bН. С.
_gНаталья Степановна
942 _cBOOK
980 _aNBR